Beyond the four varnas : (Record no. 4655)
[ view plain ]
| 000 -LEADER | |
|---|---|
| fixed length control field | 00563cam a2200205ua 4500 |
| 008 - FIXED-LENGTH DATA ELEMENTS--GENERAL INFORMATION | |
| fixed length control field | 121010n ii |||gr||||Z||||||eng |
| 020 ## - INTERNATIONAL STANDARD BOOK NUMBER | |
| International Standard Book Number | 81-208-0459-7 |
| 040 ## - CATALOGING SOURCE | |
| Transcribing agency | MAIN |
| 082 ## - DEWEY DECIMAL CLASSIFICATION NUMBER | |
| Classification number | 305.5122 |
| 100 1# - MAIN ENTRY--PERSONAL NAME | |
| Personal name | Mukherjee, Prabhati, |
| Relator term | |
| 245 11 - TITLE STATEMENT | |
| Title | Beyond the four varnas : |
| Remainder of title | the untouchables in India / |
| Statement of responsibility, etc. | by Prabhati Mukherjee . |
| 250 ## - EDITION STATEMENT | |
| Edition statement | 1st. |
| 260 ## - PUBLICATION, DISTRIBUTION, ETC. | |
| Place of publication, distribution, etc. | Shimla: |
| Name of publisher, distributor, etc. | Indian Institute of Advanced Study, |
| Date of publication, distribution, etc. | 1988. |
| 300 ## - PHYSICAL DESCRIPTION | |
| Extent | xiii, 120p. |
| 942 ## - ADDED ENTRY ELEMENTS (KOHA) | |
| Koha item type | Books |
| 653 ## - INDEX TERM--UNCONTROLLED | |
| Uncontrolled term | Sociology |
| 653 ## - INDEX TERM--UNCONTROLLED | |
| Uncontrolled term | Four Varnas |
| 653 ## - INDEX TERM--UNCONTROLLED | |
| Uncontrolled term | Caste and class |
| Withdrawn status | Lost status | Damaged status | Not for loan | Home library | Current library | Shelving location | Date acquired | Total Checkouts | Full call number | Barcode | Date last seen | Copy number | Price effective from | Koha item type |
|---|---|---|---|---|---|---|---|---|---|---|---|---|---|---|
| Central Library, Naharkatiya College | Central Library, Naharkatiya College | General Stacks | 19/09/2020 | 305.5122Sociology | MUK | 3686 | 19/09/2020 | 1 | 19/09/2020 | Books |
